Southville International School and Colleges
Your cart is empty.
  • Cart
  • Lists
    Public lists Eva Luna New books Lux_list list_1
    Your lists Log in to create your own lists
  • Log in to your account
  • Your cookies
  • Search history
Southville International School and Colleges
  • Advanced search
  • Recent comments
  • Most popular
  • Libraries

Log in to your account

Log in with GOOGLE


If you do not have an external account, but do have a local account, you can still log in:

  1. Home
  2. MARC view: The call of the wild /
Normal view MARC view ISBD view

The call of the wild / (Record no. 34916)

[ view plain ]
MARC details
000 -LEADER
fixed length control field 00612nam a22002297a 4500
003 - CONTROL NUMBER IDENTIFIER
control field OSt
005 - DATE AND TIME OF LATEST TRANSACTION
control field 20140310184513.0
008 - FIXED-LENGTH DATA ELEMENTS--GENERAL INFORMATION
fixed length control field 121203t xxu||||| |||| 00| 0 eng d
020 ## - INTERNATIONAL STANDARD BOOK NUMBER
International Standard Book Number 9780439227148
020 ## - INTERNATIONAL STANDARD BOOK NUMBER
International Standard Book Number 0439227143
050 ## - LIBRARY OF CONGRESS CALL NUMBER
Classification number PS 3253
Item number .L847 2000
082 ## - DEWEY DECIMAL CLASSIFICATION NUMBER
Classification number CLA L84c
Item number 1994
100 ## - MAIN ENTRY--PERSONAL NAME
Personal name London, Jack
9 (RLIN) 2891
245 ## - TITLE STATEMENT
Title The call of the wild /
Statement of responsibility, etc Jack London.
260 ## - PUBLICATION, DISTRIBUTION, ETC. (IMPRINT)
Place of publication, distribution, etc N.Y :
Name of publisher, distributor, etc Book Essentials Promostions,
Date of publication, distribution, etc c1994.
300 ## - PHYSICAL DESCRIPTION
Dimensions 250 p. ;
Other physical details 18 cm.
521 ## - TARGET AUDIENCE NOTE
Target audience note
526 ## - STUDY PROGRAM INFORMATION NOTE
Reading level 1120
650 ## - SUBJECT ADDED ENTRY--TOPICAL TERM
Topical term or geographic name as entry element Dogs
General subdivision Juvenile fiction
9 (RLIN) 29292
942 ## - ADDED ENTRY ELEMENTS (KOHA)
Source of classification or shelving scheme Library of Congress Classification
Koha item type
Holdings
Withdrawn status Lost status Source of classification or shelving scheme Damaged status Home library Current library Shelving location Date acquired Total Checkouts Full call number Barcode Date last seen Copy number Price effective from Koha item type
    Library of Congress Classification   Luxembourg Library Luxembourg Library Scholastic Reading Center Section 10/16/2013   PS 3253 .L847 2000 SCHO0325 04/18/2017 1 10/16/2013 Books

The call of the wild /

APA

London J., . (1994). The call of the wild. N.Y: Book Essentials Promostions.

Chicago

London Jack, . 1994. The call of the wild. N.Y: Book Essentials Promostions.

Harvard

London J., . (1994). The call of the wild. N.Y: Book Essentials Promostions.

MLA

London Jack, . The call of the wild. N.Y: Book Essentials Promostions. 1994.

  • Place hold
  • Print
  • Cite
  • Add to your cart (remove)
  • Save record
    BIBTEX Dublin Core MARCXML MARC (non-Unicode/MARC-8) MARC (Unicode/UTF-8) MARC (Unicode/UTF-8, Standard) MODS (XML) RIS
  • More searches
    Search for this title in:
    Other Libraries (WorldCat) Other Databases (Google Scholar) Online Stores (Bookfinder.com) Open Library (openlibrary.org)

Exporting to Dublin Core...

SOUTHVILLE LIBRARY

Southville International School and Colleges Library

1281 Tropical Ave. Cor. Luxembourg St., BF Homes International, Las Pinas City

Tel. No. 8256374 / 252358 Loc. 117/146

Powered by Koha